| 000 | 00527nam a2200193 a 4500 | ||
|---|---|---|---|
| 005 | 20230602063744.0 | ||
| 008 | 090626s2001 mx r 000 0 spa d | ||
| 020 | _a970714002X | ||
| 035 | _aUPN01000171496 | ||
| 049 | _aCG | ||
| 050 | 4 |
_aPQ7297 A4.3 _bB7.8 |
|
| 100 | 1 |
_aAlatorre Chávez, Antonio, _d1922-2010 _928688 |
|
| 245 | 1 | 3 |
_aEl brujo de Autlán / _cAntonio Alatorre. |
| 260 |
_aMéxico : _bAldus, _c2001. |
||
| 300 | _a211 p. | ||
| 440 | 3 | _aLa torre inclinada | |
| 650 | 4 |
_aNovela mexicana _94557 |
|
| 905 | _aLibro | ||
| 999 |
_c143601 _d143601 |
||